000 01027nas a2200349 4500
001 BR0603082
003 BR-BrBNA
005 20231205110131.0
007 ta
008 230509b bl.|||p| |||| 00| 00por d
040 _aBR-BrBNA
_bpor
_cBiblioteca Nacional de Agricultura
041 _a(Pt)
072 _aL53; L70
100 1 _aSantos, M.H.B. dos
100 1 _aMoraes, É.P.B.X. de
100 1 _aGuido, S.I.
100 1 _aGondim, F.Q.B.
100 1 _aLima, P.F. de
100 1 _aFreitas, V.J. de F.
100 1 _aOliveira, M.A.L. de
245 1 _aIdentificação do sexo de fetos em úteros de cabras e ovelhas utilizando a ultra-sonografia
650 _aCABRA
650 _aOVELHA
650 _aDETERMINAÇÃO DE SEXO
650 _aFETO
650 _aULTRA-SOM
650 _aÚTERO
650 _aPRENHEZ
773 0 _tCiência Veterinária nos Trópicos (Brazil)
_xISSN 1415-6326
_g(Jan-Dec 2005), v. 8(1-3) p. 68-73
_wBR0603082
909 _a202311
_bLúcia
_c55
_dLúcia Elande
942 _2AGRIS
_n0
_cANA
999 _c186308
_d186308